Obálka Náhled e-knihy:
PDF Epub
Pro půjčování e-knih musíte být přihlášeni.
Jak si půjčit online?

Král /

Nebyla jsem nikdo… Nevyčnívala jsem z davu, byla jsem prostě další neviditelná holka. Den za dnem jen hodiny drilu, aby moje tělo byla štíhlá dokonalost. Moje mysl byla zocelená dětstvím v zaprodané čtvrti New Yorku, kde jsem nechtěla zůstat. Každý den jsem vkládala do tance svůj hněv a strach a dou...

Celý popis

Uloženo v:
Série:Podsvětí, část 2
Hlavní autor: Jell, Marcy (Autor)
Médium: E-kniha
Jazyk:Czech
Vydáno: Praha : Nakladatelství Solis s.r.o., 2025
Příbuzné jednotky:Z cyklu:: Podsvětí
Tagy:
Žádné tagy
LEADER 01795nam a22002417i 4500
001 312640
007 ta
008 260601s2025 xr ||||| |||| 00| 0 cze d
020 |a 9990004173309 
044 |a xr 
100 1 |a  Jell, Marcy  |4 aut 
245 1 0 |a Král /  |c  Jell, Marcy 
264 1 |a Praha :  |b Nakladatelství Solis s.r.o.,  |c 2025 
300 |a 1 online zdroj (240 stran) 
336 |a text  |b txt  |2 rdacontent 
337 |a bez média  |b n  |2 rdamedia 
338 |a online zdroj  |b cr  |2 rdacarrier 
520 2 |a Nebyla jsem nikdo… Nevyčnívala jsem z davu, byla jsem prostě další neviditelná holka. Den za dnem jen hodiny drilu, aby moje tělo byla štíhlá dokonalost. Moje mysl byla zocelená dětstvím v zaprodané čtvrti New Yorku, kde jsem nechtěla zůstat. Každý den jsem vkládala do tance svůj hněv a strach a doufala, že jednoho dne se probudím a všechno bude jen zlý sen. Tanec byl můj život! Moje droga! Moje vášeň! Dokud mi do života nevstoupil on! Byl zatraceným KRÁLEM a jeho království byl New York. Zkřížila jsem mu cestu, kterou dláždil těly svých nepřátel. Jeho temná krása mi brala dech, ale já věděla, že jediné, co mu nikdy nedám, bude moje DUŠE! Král se blíží…  Co bude chtít za splátku dluhu… Možná můj život… 
787 0 8 |g 2  |i Z cyklu:  |t Podsvětí 
910 |a RBIT002 
998 |d 417330  |a https://core.palmknihy.cz/api/books/417330/cover?srkjns  |b https://core.palmknihy.cz/api/books/417330/cover/400?srkjns  |c https://core.palmknihy.cz/api/books/417330/cover/50?srkjns  |e 2031-12-31  |g 240  |i 9990004173309  |j https://core.palmknihy.cz/api/books/417330/preview.epub  |k https://core.palmknihy.cz/api/books/417330/preview.pdf  |l   |q 49  |r 1  |s https://www.palmknihy.cz/kniha/417330  |t ebook  |y 2025  |z 1  |v Podsvětí  |w 2 
999 |d 312638